| 000 | 00902nam a2200229 a 4500 | ||
|---|---|---|---|
| 001 | 57003 | ||
| 003 | BD-RjUL | ||
| 005 | 20211209080446.0 | ||
| 008 | 161205s2006 bg ||||| |||| 00| 0 ben d | ||
| 020 |
_a9848523189 _c: Tk.150.00 |
||
| 035 | _a(BD-RjUL)57127 | ||
| 040 |
_aBD-RjUL _bben _cBD-RjUL _dBD-RjUL |
||
| 041 | _aben | ||
| 082 |
_223 _a021.24 _bSHI 2006 |
||
| 245 | 1 | 0 |
_aশিক্ষা ও উন্নয়নে গ্রন্থাগার / _cমোহাম্মদ সা'দত আলী সম্পাদিত |
| 260 |
_aঢাকা : _bনতুন ধারা, _c২০০৬ |
||
| 300 |
_a১৭৬ পৃ. ; _c২৫ সেমি. |
||
| 650 |
_aশিক্ষাগত ভূমিকা _9169395 |
||
| 650 |
_aLibraries _9169396 _xEducational role |
||
| 700 |
_aআলী, মোহাম্মদ সা'দত সম্পাদিত _9169397 |
||
| 942 |
_2ddc _cBK |
||
| 999 |
_c57003 _d57003 |
||